| 000 | 01124nam a22002057a 4500 | ||
|---|---|---|---|
| 999 |
_c11226 _d11222 |
||
| 003 | AR-BaUME | ||
| 005 | 20230704125706.0 | ||
| 008 | 191119b ||||| |||| 00| 0 spa d | ||
| 020 | _a9789503418185 | ||
| 040 |
_aUMET Biblioteca _bspa _cUMET Biblioteca |
||
| 100 |
_aLevoratti, Alejo _98609 |
||
| 245 |
_aLos estudiantes del profesorado en educación física : _bIngreso y egreso a la educación superior / _cAlejo Levoratti |
||
| 260 |
_aBuenos Aires : _bUniversidad Nacional de La Plata, _c2019. |
||
| 300 |
_a112 pag. : _bgraf. , tablas ; _c20 cm. |
||
| 520 | _aEl presente libro busca realizar una aproximación a la población que se inscribió en los profesorados de Educación Física en la provincia de Buenos Aires. A tal efecto se analizaron los casos de estudiantes que transitaron su formación en universidades nacionales y en institutos de formación docente de gestión pública y privada, abriendo interrogantes para reflexionar sobre la formación superior. | ||
| 650 | 0 |
_aEducación física _966 |
|
| 650 | 0 |
_aEducación superior _98036 |
|
| 650 | 0 |
_97709 _aInvestigación social |
|
| 942 |
_2udc _cLIBRO _01 |
||